Laporan Ulangkaji Undang-Undang Alam Sekitar

Bibliographic Details
Corporate Author: Malaysia
Format: Book
Published: Kuala Lumpur : Jabatan Alam Sekitar , 1992
Subjects:

MARC

LEADER 00000cam a2200000 7i4500
001 0000001211
005 20140210.0
020 0 0 |a 9839795007 
090 0 0 |a 344.595046   |b MAL 1992 
110 1 0 |a Malaysia   |c Jabatan Alam Sekitar 
245 1 0 |a Laporan Ulangkaji Undang-Undang Alam Sekitar   |c disediakan oleh Urusetia Jawatankuasa Ulangkaji Undang-Undang Alam Sekitar 
260 0 0 |a Kuala Lumpur :   |b Jabatan Alam Sekitar ,   |c 1992 
300 |a ii, 57 p. ;   |c 30 cm. 
500 0 0 |a Includes index 
650 0 0 |a Environmental law   |z Malaysia 
650 0 0 |a Pollution   |x Law and legislation   |z Malaysia 
998 |a JPSM 
999 |a 0000000146   |b Monograph   |c Open Shelf   |e Default branch